KOHA-Header-6

Statistics (Record no. 7078)

000 -LEADER
fixed length control field 00235nam a2200109Ia 4500
100 ## - MAIN ENTRY--AUTHOR NAME
Personal name Harper,W.M.
245 #0 - TITLE STATEMENT
Title Statistics
260 ## - PUBLICATION, DISTRIBUTION, ETC. (IMPRINT)
Place of publication USA
Name of publisher Dorling
Year of publication 1995
300 ## - PHYSICAL DESCRIPTION
Number of Pages 501
942 ## - ADDED ENTRY ELEMENTS (KOHA)
Koha item type Books
Holdings
Withdrawn status Lost status Collection code Permanent Location Current Location Shelving location Date acquired Full call number Accession Number Koha item type
    Statistics MAJU MAJU Shelf No.A27 2019-09-12 954.9 709 Statistics

Powered by Koha